ՀՀ Գիտությունների ազգային ակադեմիայի հիմնարար գիտական գրադարան  =   Fundamental Scientific Library of NAS RA

Մաթիուշ Առաջին թագավորը ; : (Record no. 117398)

MARC details
000 -LEADER
fixed length control field 01399nam a2200265 a 4500
001 - CONTROL NUMBER
control field 000316438
003 - CONTROL NUMBER IDENTIFIER
control field AM-YeHGA
005 - DATE AND TIME OF LATEST TRANSACTION
control field 20250618072018.0
008 - FIXED-LENGTH DATA ELEMENTS--GENERAL INFORMATION
fixed length control field 040310s1984 ai a|||gr|||||||||1|arm|d
040 ## - CATALOGING SOURCE
Original cataloging agency AM-YeHGA
041 1# - LANGUAGE CODE
Language code of text/sound track or separate title arm
Language code of original rus
090 ## - LOCALLY ASSIGNED LC-TYPE CALL NUMBER (OCLC); LOCAL CALL NUMBER (RLIN)
-- 118746
100 1# - MAIN ENTRY--PERSONAL NAME
Personal name Կորչակ, Յ.
245 10 - TITLE STATEMENT
Title Մաթիուշ Առաջին թագավորը ; :
Remainder of title Մաթիուշ թագավորը անմարդաբնակ կղզում : [Հեքիաթ-վիպակներ] /
Statement of responsibility, etc. Յ. Կորչակ ; Ռուս. թարգմ.՝ Պ. Մարտիրոսյան, Ա. Ղուկասյան ; Խմբ.՝ Լ. Սարգսյան; Վերջաբ.՝ Վ. Սմիրնովա ; Նկ.՝ Ռ. Բաբայան.
260 ## - PUBLICATION, DISTRIBUTION, ETC.
Place of publication, distribution, etc. Երևան :
Name of publisher, distributor, etc. Սովետական գրող,
Date of publication, distribution, etc. 1984.
300 ## - PHYSICAL DESCRIPTION
Extent 432 էջ :
Other physical details [1] դիմանկ., նկ. ;
Dimensions 22 սմ.
650 14 - SUBJECT ADDED ENTRY--TOPICAL TERM
Topical term or geographic name entry element Լեհական գրականություն
General subdivision Հեքիաթ-վիպակ
700 1# - ADDED ENTRY--PERSONAL NAME
Personal name Մարտիրոսյան, Պարգև
Relator term թարգմ.
Relationship trl
700 1# - ADDED ENTRY--PERSONAL NAME
Personal name Ղուկասյան, Ամալյա Արմենակի,
Dates associated with a name 1928-2016
Relator term թարգմ.
Relationship trl
9 (RLIN) 2664
700 1# - ADDED ENTRY--PERSONAL NAME
Personal name Սարգսյան, Լիպարիտ Տիգրանի,
Dates associated with a name 1938-2023
Relator term խմբ.
Relationship edt
9 (RLIN) 1060
700 1# - ADDED ENTRY--PERSONAL NAME
Personal name Սմիրնովա, Վերա
Relator term վերջաբ.
Relationship aft
700 1# - ADDED ENTRY--PERSONAL NAME
Personal name Բաբայան, Ռաֆայել Սուրենի,
Dates associated with a name 1927-1994
Relator term նկ.
Relationship art
9 (RLIN) 2853
740 02 - ADDED ENTRY--UNCONTROLLED RELATED/ANALYTICAL TITLE
Uncontrolled related/analytical title Մաթիուշ թագավորը անմարդաբնակ կղզում
942 ## - ADDED ENTRY ELEMENTS (KOHA)
Source of classification or shelving scheme Universal Decimal Classification
Koha item type Գրքեր / Books
Holdings
Withdrawn status Lost status Source of classification or shelving scheme Damaged status Not for loan Collection Home library Current library Date acquired Total checkouts Full call number Barcode Date last seen Price effective from Koha item type Public note
    Universal Decimal Classification     General Fundamental Scientific Library Fundamental Scientific Library 22/12/2016   AII/70207 220070207 22/12/2016 22/12/2016 Գրքեր / Books 30 Days Loan
    Universal Decimal Classification     General Fundamental Scientific Library Fundamental Scientific Library 22/12/2016   AII/70557 220070557 22/12/2016 22/12/2016 Գրքեր / Books 30 Days Loan


ՀՀ ԳԱԱ հիմնարար գիտական գրադարան
ՀՀ,Երևան 0019
Մարշալ Բաղրամյան 24/6
հեռախոս:(374-10) 52-47-50
Հետադարձ կապ

All site content, except where otherwise noted, is licensed under a
Creative Commons License